[Event "IRI-chT (Women) 8th"]
[Site "Qazvin"]
[Date "2015.01.01"]
[Round "6.1"]
[White "Salman, Mahini Mona"]
[Black "Pourkashiyan, Atousa"]
[Result "0-1"]
[WhiteElo "2021"]
[BlackElo "2312"]
[PlyCount "88"]
[EventDate "2014.12.29"]
[EventType "team-tourn"]
[EventRounds "7"]
[EventCountry "IRI"]
[SourceTitle "CBM 164 Extra"]
[Source "ChessBase"]
[SourceDate "2015.03.02"]
[SourceVersion "1"]
[SourceVersionDate "2015.03.02"]
[SourceQuality "1"]
[WhiteTeam "Daneshgah Azad (W)"]
[BlackTeam "Petroshimi (W)"]
[WhiteTeamCountry "IRI"]
[BlackTeamCountry "IRI"]

1. e4 g6 2. d4 Bg7 3. g3 d5 4. e5 c5 5. c3 Nc6 6. Bg2 e6 7. Ne2 Nge7 8. 0-0 Nf5 9. Na3 cxd4 10. cxd4 Qb6 11. Nc2 h5 12. h4 Bd7 13. b4 a5 14. bxa5 Rxa5 15. Bd2 Ra8 16. Rb1 Qa7 17. Bc3 0-0 18. Nb4 Rfc8 19. Qb3 Ncxd4 20. Nxd4 Nxd4 21. Bxd4 Qxd4 22. Nxd5 exd5 23. Bxd5 Rf8 24. Rbd1 Qa4 25. Qxb7 Ra7 26. Qb6 Ra6 27. Qb7 Be6 28. Bb3 Qa3 29. f4 Qc5+ 30. Kg2 Rb6 31. Qf3 Bg4 32. Qd3 Bxd1 33. Rxd1 Qc7 34. e6 fxe6 35. Qxg6 Qf7 36. Qd3 Kh8 37. Re1 Rc8 38. Qe3 Rcc6 39. Rd1 Rd6 40. Re1 Bd4 41. Qe4 Qb7 42. Qxb7 Rxb7 43. Bxe6 Rb2+ 44. Kh3 Bg1 0-1

[Event "WUCC op (Women) 11th"]
[Site "Zuerich"]
[Date "2010.09.10"]
[Round "7"]
[White "Lkhamsuren, Uuganbayar"]
[Black "Salman, Mahini Mona"]
[Result "1-0"]
[WhiteElo "2206"]
[BlackElo "2001"]
[PlyCount "103"]
[EventDate "2010.09.05"]
[EventType "swiss"]
[EventRounds "9"]
[EventCountry "SUI"]
[SourceTitle "CBM 138 Extra"]
[Source "ChessBase"]
[SourceDate "2010.10.29"]
[SourceVersion "1"]
[SourceVersionDate "2010.10.29"]
[SourceQuality "1"]

1. e4 c5 2. Nf3 d6 3. d4 cxd4 4. Nxd4 Nf6 5. Nc3 a6 6. h3 e5 7. Nde2 b5 8. g4 Bb7 9. Bg2 Be7 10. Ng3 g6 11. Bh6 b4 12. Nd5 Nxd5 13. exd5 Nd7 14. Qd2 a5 15. 0-0 Rc8 16. a3 Rc4 17. axb4 axb4 18. Bg7 Rg8 19. Qh6 Nf8 20. Bxf8 Rxf8 21. Be4 Bg5 22. Qxh7 Qf6 23. h4 Bxh4 24. Qh6 Bg5 25. Qh3 Rh8 26. Qg2 Kf8 27. Rfd1 Kg7 28. b3 Rd4 29. Rxd4 exd4 30. Ra4 Bc8 31. Qf3 Qe5 32. Ra7 Bf6 33. Bd3 Rh4 34. Qe4 Rxg4 35. Qxe5 Bxe5 36. Rc7 Bf5 37. Kg2 Rg5 38. Bxf5 Bxg3 39. Be6 Be5+ 40. Kf1 Rh5 41. Rxf7+ Kh6 42. f4 Bg7 43. Kg2 d3 44. cxd3 Bd4 45. Rd7 g5 46. Rxd6 Bf6 47. Bf7 Rh4 48. Rxf6+ Kg7 49. fxg5 Rg4+ 50. Kf3 Rxg5 51. Rg6+ Rxg6 52. Bxg6 1-0

[Event "WUCC op (Women) 11th"]
[Site "Zuerich"]
[Date "2010.09.08"]
[Round "6"]
[White "Hoolt, Sarah"]
[Black "Salman, Mahini Mona"]
[Result "0-1"]
[WhiteElo "2251"]
[BlackElo "2001"]
[PlyCount "56"]
[EventDate "2010.09.05"]
[EventType "swiss"]
[EventRounds "9"]
[EventCountry "SUI"]
[SourceTitle "CBM 138 Extra"]
[Source "ChessBase"]
[SourceDate "2010.10.29"]
[SourceVersion "1"]
[SourceVersionDate "2010.10.29"]
[SourceQuality "1"]

1. e4 c5 2. Nf3 d6 3. d4 cxd4 4. Nxd4 Qb6 5. Nc3 Nf6 6. Bb5+ Bd7 7. Be3 Qc7 8. 0-0 a6 9. Be2 e6 10. f4 Nc6 11. Qe1 Be7 12. Qg3 0-0 13. Kh1 Rfd8 14. Rad1 b5 15. e5 dxe5 16. fxe5 Ne8 17. Nf3 f6 18. Ne4 Nxe5 19. Bf4 Qxc2 20. Nxe5 Qxe2 21. Nc3 Qxb2 22. Nxd7 Rac8 23. Ne4 Qc2 24. Qd3 Qxa2 25. Qh3 Qc4 26. Nb6 Rxd1 27. Rxd1 Rd8 28. Bd6 Qxe4 0-1

[Event "WUCC op (Women) 11th"]
[Site "Zuerich"]
[Date "2010.09.06"]
[Round "2"]
[White "Drljevic, Ljilja"]
[Black "Salman, Mahini Mona"]
[Result "1-0"]
[WhiteElo "2273"]
[BlackElo "2001"]
[PlyCount "111"]
[EventDate "2010.09.05"]
[EventType "swiss"]
[EventRounds "9"]
[EventCountry "SUI"]
[SourceTitle "CBM 138 Extra"]
[Source "ChessBase"]
[SourceDate "2010.10.29"]
[SourceVersion "1"]
[SourceVersionDate "2010.10.29"]
[SourceQuality "1"]

1. e4 c5 2. d3 g6 3. g3 Bg7 4. Bg2 e6 5. Nf3 Ne7 6. 0-0 0-0 7. c3 d5 8. e5 Nbc6 9. Re1 f6 10. d4 cxd4 11. cxd4 Qb6 12. Nc3 fxe5 13. dxe5 Bd7 14. Na4 Qa5 15. Bd2 Qd8 16. Nc5 b6 17. Nxd7 Qxd7 18. Bf4 Rac8 19. Qd2 Nf5 20. Rad1 Qe7 21. Bg5 Qf7 22. g4 Nfe7 23. b4 Kh8 24. Rc1 Ng8 25. Rc2 h6 26. Rec1 Qd7 27. Bf4 Kh7 28. a3 Nce7 29. h4 Rxc2 30. Rxc2 Qa4 31. Nd4 Qxa3 32. Ra2 Qxa2 33. Qxa2 Rxf4 34. Nxe6 Rxg4 35. Nxg7 Kxg7 36. b5 Rb4 37. Bf1 Rg4+ 38. Bg2 Rb4 39. Qxa7 Rxb5 40. Qd7 Rc5 41. h5 gxh5 42. Qe8 Ng6 43. e6 N8e7 44. Qf7+ Kh8 45. f4 Rc1+ 46. Kh2 Rc2 47. f5 Nxf5 48. Qf6+ Ng7 49. Qxg6 Re2 50. Qxh6+ Kg8 51. Qg6 d4 52. Qd3 Ra2 53. e7 Ra7 54. Qc4+ Kh8 55. Qc8+ Kh7 56. Be4+ 1-0

[Event "Olympiad Women-38"]
[Site "Dresden"]
[Date "2008.11.13"]
[Round "1"]
[White "Hoolt, Sarah"]
[Black "Salman, Mahini Mona"]
[Result "0-1"]
[WhiteElo "2274"]
[BlackElo "2112"]
[PlyCount "90"]
[EventDate "2008.11.13"]
[EventType "team-swiss"]
[EventRounds "11"]
[EventCountry "GER"]
[SourceTitle "CBM 128"]
[Source "ChessBase"]
[SourceDate "2009.01.28"]
[SourceVersion "1"]
[SourceVersionDate "2009.01.28"]
[SourceQuality "1"]
[WhiteTeam "Germany (W)"]
[BlackTeam "Iran (W)"]
[WhiteTeamCountry "GER"]
[BlackTeamCountry "IRI"]

1. e4 c5 2. Nf3 d6 3. d4 cxd4 4. Nxd4 Nf6 5. Nc3 a6 6. g3 e5 7. Nde2 b5 8. Bg2 Bb7 9. h3 Be7 10. g4 Nbd7 11. Ng3 Nc5 12. 0-0 0-0 13. Re1 g6 14. Bh6 Re8 15. Qd2 Ne6 16. Nd5 Nxd5 17. exd5 Nc5 18. Be3 Rc8 19. b3 Bf6 20. a4 bxa4 21. b4 Nd7 22. Rxa4 Nb6 23. Bxb6 Qxb6 24. Bf1 Bh4 25. Ne4 Qd4 26. c4 Kg7 27. Qxd4 exd4 28. Raa1 Rcd8 29. Bd3 Bc8 30. Nd2 h5 31. Nf3 Be7 32. g5 Bxh3 33. Rxa6 Bg4 34. Kg2 h4 35. Ng1 Bxg5 36. Rxe8 Rxe8 37. Rxd6 Bf4 38. Ra6 Re1 39. b5 Rd1 40. Ra3 Rd2 41. Be4 f5 42. Bf3 h3+ 43. Nxh3 Bxh3+ 44. Kxh3 Rxf2 45. Bg2 g5 0-1

[Event "WMSG Blitz Team 1st (Women)"]
[Site "Beijing"]
[Date "2008.10.13"]
[Round "6"]
[White "Salman, Mahini Mona"]
[Black "Guo, Emma"]
[Result "1/2-1/2"]
[WhiteElo "2112"]
[BlackElo "1752"]
[PlyCount "128"]
[EventDate "2008.10.13"]
[EventType "team (blitz)"]
[EventRounds "11"]
[EventCountry "CHN"]
[SourceTitle "CBM 126 Extra"]
[Source "ChessBase"]
[SourceDate "2008.11.05"]
[SourceVersion "1"]
[SourceVersionDate "2008.11.05"]
[SourceQuality "1"]

1. e4 c5 2. Nf3 e6 3. d4 cxd4 4. Nxd4 a6 5. Bd3 Nc6 6. Nb3 Qc7 7. Nc3 d6 8. 0-0 Nf6 9. Be3 b5 10. a3 Be7 11. Qe2 Bb7 12. Rad1 0-0 13. f4 Rfd8 14. Kh1 d5 15. e5 Nd7 16. Nd4 Nxd4 17. Bxd4 Bc5 18. Bxc5 Nxc5 19. f5 Nxd3 20. Rxd3 exf5 21. Rg3 Re8 22. Rxf5 Kh8 23. Rfg5 f6 24. R5g4 Qxe5 25. Qxe5 Rxe5 26. h3 Re7 27. Rd4 Rd8 28. Rgd3 Re5 29. a4 Bc6 30. axb5 axb5 31. Na2 Re2 32. Nb4 Bb7 33. b3 Re5 34. c4 bxc4 35. bxc4 Kg8 36. cxd5 Kf7 37. Nc6 Bxc6 38. dxc6 Rxd4 39. Rxd4 Rc5 40. Rd7+ Kg6 41. c7 f5 42. Kg1 h6 43. Kf2 Kf6 44. Kf3 g5 45. h4 Rc3+ 46. Ke2 gxh4 47. Rd6+ Kg5 48. Rd7 Kg4 49. Rg7+ Kf4 50. Rg6 Rxc7 51. Rxh6 Kg5 52. Rd6 f4 53. Rd8 Rc6 54. Rg8+ Kf5 55. Rf8+ Kg5 56. Rg8+ Kf5 57. Rh8 Kg4 58. Rg8+ Kf5 59. Rf8+ Rf6 60. Rg8 Re6+ 61. Kf2 Re5 62. Rf8+ Kg4 63. Rg8+ Rg5 64. Rf8 Rf5 1/2-1/2

[Event "WMSG Blitz Team 1st (Women)"]
[Site "Beijing"]
[Date "2008.10.13"]
[Round "4"]
[White "Salman, Mahini Mona"]
[Black "Klimets, Elena"]
[Result "1-0"]
[WhiteElo "2112"]
[BlackElo "2129"]
[PlyCount "77"]
[EventDate "2008.10.13"]
[EventType "team (blitz)"]
[EventRounds "11"]
[EventCountry "CHN"]
[SourceTitle "CBM 126 Extra"]
[Source "ChessBase"]
[SourceDate "2008.11.05"]
[SourceVersion "1"]
[SourceVersionDate "2008.11.05"]
[SourceQuality "1"]

1. e4 d6 2. d4 Nf6 3. Nc3 g6 4. g3 Bg7 5. Bg2 0-0 6. Nge2 e5 7. h3 c6 8. Be3 b5 9. 0-0 Nbd7 10. Qd2 Nb6 11. b3 Bb7 12. f4 Qe7 13. f5 exd4 14. Nxd4 b4 15. Nce2 c5 16. Nb5 Nxe4 17. Qd3 Bxa1 18. Rxa1 Qe5 19. Rf1 Bc6 20. Bf4 Qe7 21. f6 Qe6 22. Nc7 Qc8 23. Nxa8 Qxa8 24. Bxe4 Bxe4 25. Qxd6 Bh1 26. Rf2 Rd8 27. Qe5 Rd1+ 28. Kh2 Be4 29. Qg5 Bf5 30. Ng1 Nd5 31. Be5 Nc3 32. Rxf5 Qe4 33. Rf2 Qe1 34. Rg2 Kf8 35. Bxc3 bxc3 36. Qxc5+ Ke8 37. Re2+ Qxe2+ 38. Nxe2 Rd2 39. Qe7# 1-0

[Event "World University-ch (Women) 10th"]
[Site "Novokuznetsk"]
[Date "2008.03.10"]
[Round "9"]
[White "Timofeeva, Ekaterina"]
[Black "Salman, Mahini Mona"]
[Result "0-1"]
[WhiteElo "2222"]
[BlackElo "2085"]
[PlyCount "90"]
[EventDate "2008.03.04"]
[EventType "team"]
[EventRounds "9"]
[EventCountry "RUS"]
[SourceTitle "CBM 123 Extra"]
[Source "ChessBase"]
[SourceDate "2008.05.06"]
[SourceVersion "1"]
[SourceVersionDate "2008.05.06"]
[SourceQuality "1"]

1. Nf3 Nf6 2. g3 d5 3. Bg2 Bf5 4. c4 c6 5. cxd5 cxd5 6. Qb3 Qc7 7. Nc3 e6 8. d3 Nc6 9. 0-0 Be7 10. Bf4 Qd7 11. Rac1 0-0 12. Rfe1 Bg4 13. Qd1 Rac8 14. Ne5 Nxe5 15. Bxe5 b5 16. Qd2 b4 17. Nd1 Rxc1 18. Qxc1 Rc8 19. Qf4 Bh5 20. Ne3 Bg6 21. g4 Ne8 22. Qf3 Qa4 23. Ra1 b3 24. a3 Bg5 25. Nd1 Rc2 26. Nc3 Qd7 27. Nd1 f6 28. Bc3 d4 29. Bb4 Qc7 30. Bf1 a5 31. Be1 Bc1 32. Rb1 Bd2 33. Bxd2 Rxd2 34. e4 Qc2 35. Ra1 Nd6 36. g5 fxg5 37. Bh3 Bf7 38. e5 Ne8 39. Bg4 Rxd3 40. Qa8 h5 41. Bxe6 Rxd1+ 42. Rxd1 Qxd1+ 43. Kg2 Kf8 44. Bf5 Bc4 45. Bd7 Qf1+ 0-1

[Event "IRI-ch (Women)"]
[Site "Tehran"]
[Date "2008.02.16"]
[Round "1"]
[White "Navabi, Shirin"]
[Black "Salman, Mahini Mona"]
[Result "1/2-1/2"]
[WhiteElo "2120"]
[BlackElo "2085"]
[PlyCount "137"]
[EventDate "2008.02.16"]
[EventType "tourn"]
[EventRounds "11"]
[EventCountry "IRI"]
[SourceTitle "CBM 123 Extra"]
[Source "ChessBase"]
[SourceDate "2008.05.06"]
[SourceVersion "1"]
[SourceVersionDate "2008.05.06"]
[SourceQuality "1"]

1. d4 d5 2. Nf3 Nf6 3. c4 c6 4. e3 Bf5 5. Nc3 e6 6. Be2 Nbd7 7. Ne5 Nxe5 8. dxe5 Ne4 9. Nxe4 Bxe4 10. f3 Bg6 11. 0-0 Bc5 12. cxd5 Qxd5 13. Qxd5 cxd5 14. Bd2 Ke7 15. b4 Bb6 16. a4 d4 17. a5 dxe3 18. axb6 exd2 19. bxa7 Rhd8 20. Ra2 Rd5 21. Rd1 Rxe5 22. Rdxd2 Rd5 23. Rdb2 b6 24. Ra6 Rd7 25. Rba2 Rc7 26. Kf2 f6 27. Bb5 e5 28. R2a3 Bf5 29. Ra1 Bc8 30. R6a2 Be6 31. Ra6 Bc8 32. R6a2 Be6 33. Ra3 h6 34. Bd3 f5 35. g4 e4 36. gxf5 exd3 37. fxe6 Kxe6 38. Ke3 Kf5 39. Kxd3 Rd8+ 40. Ke3 Ra8 41. Ra6 Re8+ 42. Kf2 Ra8 43. R1a2 h5 44. Rxb6 Raxa7 45. Rxa7 Rxa7 46. Rb5+ Kf4 47. Ra5 Rd7 48. Rxh5 Rd2+ 49. Ke1 Rb2 50. b5 g5 51. h4 Rxb5 52. Rxg5 Rxg5 53. hxg5 Kxg5 54. Ke2 Kf4 55. Kf2 Kf5 56. Ke3 Ke5 57. f4+ Kf5 58. Kf3 Kf6 59. Kg4 Kg6 60. f5+ Kf6 61. Kf4 Kf7 62. Ke5 Ke7 63. f6+ Kf7 64. Kf5 Kf8 65. Ke5 Kf7 66. Kf5 Kf8 67. Ke6 Ke8 68. f7+ Kf8 69. Kf6 1/2-1/2

[Event "Asia-ch (Women) 12th"]
[Site "Tehran"]
[Date "2007.09.11"]
[Round "9"]
[White "Salman, Mahini Mona"]
[Black "Hoang, Thi Bao Tram"]
[Result "1/2-1/2"]
[WhiteElo "2106"]
[BlackElo "2306"]
[PlyCount "51"]
[EventDate "2007.09.03"]
[EventType "swiss"]
[EventRounds "9"]
[EventCountry "IRI"]
[SourceTitle "CBM 120 Extra"]
[Source "ChessBase"]
[SourceDate "2007.11.01"]
[SourceVersion "1"]
[SourceVersionDate "2007.11.01"]
[SourceQuality "1"]

1. e4 e5 2. Nf3 Nf6 3. Nxe5 d6 4. Nf3 Nxe4 5. Nc3 Nxc3 6. dxc3 Be7 7. Bf4 Nd7 8. Bd3 Nc5 9. Bc4 0-0 10. Be3 Bf6 11. Qd2 Rb8 12. Bxc5 dxc5 13. 0-0-0 Qxd2+ 14. Rxd2 Bg4 15. Rd5 b6 16. Rd3 Rfd8 17. Nd2 Bg5 18. g3 Rxd3 19. cxd3 b5 20. Bd5 Rd8 21. Bc6 Bxd2+ 22. Kxd2 a6 23. Re1 Be6 24. a3 Rd6 25. Bg2 f6 26. Rxe6 1/2-1/2

[Event "Asia-ch (Women) 12th"]
[Site "Tehran"]
[Date "2007.09.09"]
[Round "7"]
[White "Tajik, Sareh"]
[Black "Salman, Mahini Mona"]
[Result "1-0"]
[WhiteElo "2000"]
[BlackElo "2106"]
[PlyCount "81"]
[EventDate "2007.09.03"]
[EventType "swiss"]
[EventRounds "9"]
[EventCountry "IRI"]
[SourceTitle "CBM 120 Extra"]
[Source "ChessBase"]
[SourceDate "2007.11.01"]
[SourceVersion "1"]
[SourceVersionDate "2007.11.01"]
[SourceQuality "1"]

1. e4 c5 2. Nf3 a6 3. c4 g6 4. d4 Bg7 5. Nc3 cxd4 6. Nxd4 d6 7. Be2 Nf6 8. 0-0 0-0 9. Be3 Nc6 10. f3 Bd7 11. Qd2 Ne5 12. Kh1 Re8 13. Nd5 Bc6 14. Bg5 Ned7 15. Rad1 Rc8 16. Qe1 Bxd5 17. cxd5 Qb6 18. Nb3 h6 19. Bd2 Ne5 20. Bc3 g5 21. Bd4 Qd8 22. Rc1 Ng6 23. g3 Qd7 24. Bd3 Qh3 25. Rd1 h5 26. Rf2 Qd7 27. Qd2 Nh7 28. Bxg7 Kxg7 29. Nd4 e6 30. dxe6 fxe6 31. f4 g4 32. f5 Ne5 33. Nxe6+ Rxe6 34. fxe6 Qxe6 35. Be2 Nf6 36. Qg5+ Ng6 37. Rdf1 Nxe4 38. Rf7+ Kg8 39. Qxh5 Nf2+ 40. R7xf2 Qe4+ 41. Kg1 1-0

[Event "Dubai op 08th"]
[Site "Dubai"]
[Date "2006.04.25"]
[Round "3"]
[White "Sharbaf, Mohsen"]
[Black "Salman, Mahini Mona"]
[Result "1-0"]
[WhiteElo "2362"]
[BlackElo "2163"]
[PlyCount "55"]
[EventDate "2006.04.23"]
[EventType "swiss"]
[EventRounds "9"]
[EventCountry "UAE"]
[SourceTitle "EXT 2007"]
[Source "ChessBase"]
[SourceDate "2006.11.23"]
[SourceVersion "1"]
[SourceVersionDate "2006.11.23"]
[SourceQuality "1"]

1. d4 Nf6 2. Nc3 g6 3. e4 d6 4. f4 Bg7 5. Nf3 0-0 6. e5 dxe5 7. fxe5 Nd5 8. Bc4 c6 9. 0-0 Na6 10. Qe1 f6 11. Qh4 Nac7 12. Bh6 Be6 13. Rae1 Bf7 14. Ne4 Ne6 15. Bxg7 Kxg7 16. Bxd5 cxd5 17. exf6+ exf6 18. Nc5 Re8 19. Ne5 Nf8 20. Nxf7 Kxf7 21. Rxe8 Qxe8 22. Qxf6+ Kg8 23. Qf3 b6 24. Qxd5+ Kg7 25. Nd3 Rd8 26. Qf3 Ne6 27. Qf6+ Kg8 28. Re1 1-0

[Event "Asia-chT fin 04th (Women)"]
[Site "Esfahan"]
[Date "2005.12.23"]
[Round "3"]
[White "Salman, Mahini Mona"]
[Black "Mohota, Nisha"]
[Result "1-0"]
[WhiteElo "2136"]
[BlackElo "2318"]
[PlyCount "97"]
[EventDate "2005.12.21"]
[EventType "team"]
[EventRounds "6"]
[EventCountry "IRI"]
[SourceTitle "CBM 110 Extra"]
[Source "ChessBase"]
[SourceDate "2006.03.10"]
[SourceVersion "2"]
[SourceVersionDate "2006.03.10"]
[SourceQuality "1"]
[WhiteTeam "Iran (W) II"]
[BlackTeam "India (W)"]
[WhiteTeamCountry "IRI"]
[BlackTeamCountry "IND"]

1. e4 c5 2. Nf3 d6 3. d4 cxd4 4. Nxd4 Nf6 5. Nc3 a6 6. Bg5 e6 7. f4 Nbd7 8. Qf3 Qc7 9. 0-0-0 b5 10. a3 Bb7 11. Bd3 Be7 12. Bxf6 Bxf6 13. Bxb5 Qb6 14. Bxd7+ Kxd7 15. Qd3 Ke7 16. f5 Rab8 17. fxe6 Bg5+ 18. Kb1 fxe6 19. Na4 Qc7 20. Rhf1 Bf6 21. Nc3 Qb6 22. Qc4 Bxd4 23. Qxd4 Qxd4 24. Rxd4 Ba8 25. Rc4 Rhc8 26. Rxc8 Rxc8 27. Kc1 Rc4 28. Kd2 e5 29. b3 Rc5 30. Rd1 Rc8 31. Nd5+ Bxd5 32. exd5 Rf8 33. Ke3 Kd7 34. c4 a5 35. g3 Kc7 36. b4 axb4 37. axb4 Rb8 38. Rb1 Ra8 39. c5 Ra3+ 40. Ke4 Rc3 41. Rf1 Rc4+ 42. Kf5 Kd7 43. c6+ Ke7 44. Ra1 g6+ 45. Kg5 Rd4 46. Ra7+ Kd8 47. Kf6 e4 48. Ke6 Kc8 49. Rxh7 1-0

[Event "Budapest FS06 FM-A"]
[Site "Budapest"]
[Date "2005.06.05"]
[Round "2"]
[White "Koczo, Kristof"]
[Black "Salman, Mahini Mona"]
[Result "1-0"]
[WhiteElo "2192"]
[BlackElo "2138"]
[PlyCount "71"]
[EventDate "2005.06.04"]
[EventType "tourn"]
[EventRounds "11"]
[EventCountry "HUN"]
[SourceTitle "CBM 106 Extra"]
[Source "ChessBase"]
[SourceDate "2005.07.01"]
[SourceVersion "1"]
[SourceVersionDate "2005.07.01"]
[SourceQuality "1"]

1. d4 Nf6 2. c4 g6 3. Nc3 Bg7 4. e4 d6 5. h3 0-0 6. Bg5 c5 7. d5 Na6 8. Nf3 Nc7 9. Bd3 a6 10. a4 Rb8 11. a5 b5 12. axb6 Rxb6 13. Qd2 Re8 14. 0-0 Bd7 15. e5 dxe5 16. Nxe5 Qc8 17. Nxd7 Nxd7 18. Rab1 Rb4 19. b3 Qb8 20. Bc2 Na8 21. Rfe1 Be5 22. f4 Bd4+ 23. Kh1 Bf6 24. Ne4 Bxg5 25. Nxg5 Nf6 26. Qf2 Qd6 27. f5 Nc7 28. fxg6 hxg6 29. Rf1 Rf8 30. Qh4 Nh5 31. Ne4 Qe5 32. g4 Kg7 33. gxh5 Rh8 34. h6+ Rxh6 35. Rxf7+ Kxf7 36. Qxh6 1-0

[Event "Olympiad Women-36"]
[Site "Mallorca"]
[Date "2004.10.20"]
[Round "6.3"]
[White "Salman, Mahini Mona"]
[Black "Hamrakulova, Yulduz"]
[Result "1-0"]
[WhiteElo "2166"]
[BlackElo "2123"]
[PlyCount "143"]
[EventDate "2004.10.15"]
[EventType "team-swiss"]
[EventRounds "14"]
[EventCountry "ESP"]
[SourceTitle "CBM 102 Extra"]
[Source "ChessBase"]
[SourceDate "2004.11.03"]
[SourceVersion "1"]
[SourceVersionDate "2004.11.03"]
[SourceQuality "1"]
[WhiteTeam "Iran (W)"]
[BlackTeam "Uzbekistan (W)"]
[WhiteTeamCountry "IRI"]
[BlackTeamCountry "UZB"]

1. e4 e6 2. d4 d5 3. Nc3 Bb4 4. e5 c5 5. a3 Bxc3+ 6. bxc3 Ne7 7. Qg4 Ng6 8. h4 h5 9. Qg3 c4 10. Ne2 Nc6 11. Nf4 Nce7 12. Nxg6 Nxg6 13. Be2 Bd7 14. a4 Qa5 15. Ba3 Rh7 16. Kd2 0-0-0 17. Bb4 Qc7 18. a5 Bb5 19. Bc5 Rdh8 20. Bxa7 Ne7 21. Rhb1 Ba6 22. Bb6 Qd7 23. Bc5 Nf5 24. Qf4 Rg8 25. Qg5 Qd8 26. Qxd8+ Kxd8 27. Rh1 Kd7 28. Bxh5 Rxh5 29. g4 Rxh4 30. gxf5 Rxh1 31. fxe6+ Kxe6 32. Rxh1 Bb5 33. Ke3 Rd8 34. Bb6 Rg8 35. Rb1 Bc6 36. Kf4 Rh8 37. Bc5 Ra8 38. Rg1 Rg8 39. Kg5 Rh8 40. Kg4 Rg8 41. Rh1 Ra8 42. f4 Rg8 43. f5+ Kd7 44. Kg5 Ba4 45. Rb1 Bc6 46. Re1 Re8 47. Rh1 Rg8 48. Rh7 Kd8 49. e6 f6+ 50. Kf4 Ba4 51. Rh2 Kc7 52. Bb6+ Kd6 53. Re2 Ke7 54. Bc5+ Ke8 55. Kg4 Rh8 56. Bd6 Rh7 57. Rg2 Rh8 58. Rg1 Bb5 59. Rb1 Ba6 60. Rb6 Rh1 61. Bg3 Rc1 62. Rd6 Rxc2 63. Rd7 Rxc3 64. Rxg7 Rc1 65. Rc7 c3 66. Bd6 b6 67. axb6 c2 68. Ba3 Rb1 69. Rxc2 Rxb6 70. Rh2 Kd8 71. e7+ Kd7 72. Rh8 1-0

[Event "WUCC op (Women) 8th"]
[Site "Istanbul"]
[Date "2004.09.11"]
[Round "9"]
[White "Aydin, Nazal"]
[Black "Salman, Mahini Mona"]
[Result "0-1"]
[WhiteElo "2043"]
[BlackElo "2105"]
[PlyCount "54"]
[EventDate "2004.09.05"]
[EventType "swiss"]
[EventRounds "9"]
[EventCountry "TUR"]
[SourceTitle "CBM 102 Extra"]
[Source "ChessBase"]
[SourceDate "2004.11.03"]
[SourceVersion "1"]
[SourceVersionDate "2004.11.03"]
[SourceQuality "1"]

1. e4 c5 2. Nf3 d6 3. d4 cxd4 4. Nxd4 Nf6 5. Nc3 a6 6. Bc4 e6 7. Bb3 b5 8. a3 Bb7 9. Qd3 Nbd7 10. f3 Nc5 11. Qd1 Be7 12. 0-0 0-0 13. Be3 Nfd7 14. Nce2 Nb6 15. Rc1 Bf6 16. c3 Nxb3 17. Qxb3 Nc4 18. Kf2 d5 19. Rfd1 Nxe3 20. Kxe3 e5 21. Nf5 Qb6+ 22. Kd2 dxe4 23. fxe4 Qf2 24. Ne3 Bxe4 25. Rf1 Rad8+ 26. Nd5 Bg5+ 27. Kd1 Qxf1# 0-1

[Event "WUCC op (Women) 8th"]
[Site "Istanbul"]
[Date "2004.09.08"]
[Round "5"]
[White "Partac, Elena"]
[Black "Salman, Mahini Mona"]
[Result "1/2-1/2"]
[WhiteElo "2275"]
[BlackElo "2105"]
[PlyCount "28"]
[EventDate "2004.09.05"]
[EventType "swiss"]
[EventRounds "9"]
[EventCountry "TUR"]
[SourceTitle "CBM 102 Extra"]
[Source "ChessBase"]
[SourceDate "2004.11.03"]
[SourceVersion "1"]
[SourceVersionDate "2004.11.03"]
[SourceQuality "1"]

1. e4 c5 2. Nf3 d6 3. d4 cxd4 4. Qxd4 a6 5. Be3 Nf6 6. Nc3 Nc6 7. Qb6 Qxb6 8. Bxb6 e6 9. Be2 Bd7 10. 0-0 Rc8 11. Rad1 Ne5 12. Bd4 Nxf3+ 13. Bxf3 Bc6 14. g3 b5 1/2-1/2